000
00221 a2200097 4500
001
11234
100
_a
Scalapino, R.
245
_a
Asia and the Road Ahead
260
_a
_b
University of California
_c
090
_c
8786
_d
8786
942
_a
NUST-CAE
_c
M
_c
35584
999
_c
246307
_d
246307